[Event "Czechia KP-chTA 0607"]
[Site "Czech Republic"]
[Date "2007.04.01"]
[Round "11.3"]
[White "Zeman, Martin"]
[Black "Mares, Jiri"]
[Result "1-0"]
[WhiteElo "1966"]
[BlackElo "1850"]
[PlyCount "47"]
[EventDate "2006.10.29"]
[EventType "team"]
[EventRounds "11"]
[EventCountry "CZE"]
[SourceTitle "EXT 2008"]
[Source "ChessBase"]
[SourceDate "2007.11.25"]
[SourceVersion "1"]
[SourceVersionDate "2007.11.25"]
[SourceQuality "1"]
[WhiteTeam "Pribram II"]
[BlackTeam "Zebrak"]
[WhiteTeamCountry "CZE"]
[BlackTeamCountry "CZE"]

1. e4 d6 2. d4 Nf6 3. Nc3 g6 4. Be3 Bg7 5. Qd2 Ng4 6. Bg5 c5 7. dxc5 dxc5 8. Qxd8+ Kxd8 9. f3 Bxc3+ 10. bxc3 Ne5 11. f4 Nec6 12. Bc4 Ke8 13. Nf3 a6 14. a4 Na5 15. Be2 Bd7 16. Ne5 Be6 17. Bg4 Bc4 18. Bh4 f6 19. Nxc4 Nxc4 20. Bf2 b6 21. Be6 Nd6 22. Rb1 Nd7 23. 0-0 Nxe4 24. Bd5 1-0

[Event "Czechia KP-chTA 0607"]
[Site "Czech Republic"]
[Date "2007.02.04"]
[Round "7.5"]
[White "Mares, Jiri"]
[Black "Koci, Vaclav"]
[Result "1/2-1/2"]
[WhiteElo "1850"]
[BlackElo "1851"]
[PlyCount "63"]
[EventDate "2006.10.29"]
[EventType "team"]
[EventRounds "11"]
[EventCountry "CZE"]
[SourceTitle "EXT 2008"]
[Source "ChessBase"]
[SourceDate "2007.11.25"]
[SourceVersion "1"]
[SourceVersionDate "2007.11.25"]
[SourceQuality "1"]
[WhiteTeam "Zebrak"]
[BlackTeam "AS MB"]
[WhiteTeamCountry "CZE"]
[BlackTeamCountry "CZE"]

1. e4 c6 2. d4 d5 3. exd5 cxd5 4. Nf3 Nc6 5. h3 e6 6. c3 Be7 7. Bd3 f5 8. Bb5 Nf6 9. 0-0 0-0 10. Re1 Ne4 11. Bxc6 bxc6 12. Ne5 Qc7 13. f3 Ng5 14. Bf4 Qb6 15. Qb3 c5 16. Qxb6 axb6 17. Nc6 Bf6 18. dxc5 Bb7 19. Nd4 bxc5 20. Nxe6 Rfe8 21. Bxg5 Bxg5 22. Na3 Bh4 23. Re2 Bg3 24. Kf1 Ba6 25. c4 dxc4 26. Nxc5 Rxe2 27. Kxe2 c3+ 28. Nxa6 cxb2 29. Rb1 Rxa6 30. Nc4 Rxa2 31. Rxb2 Rxb2+ 32. Nxb2 1/2-1/2

[Event "Czechia KP-chTA 0607"]
[Site "Czech Republic"]
[Date "2006.10.29"]
[Round "1.8"]
[White "Lochman, Vaclav"]
[Black "Mares, Jiri"]
[Result "1/2-1/2"]
[WhiteElo "1804"]
[BlackElo "1850"]
[PlyCount "130"]
[EventDate "2006.10.29"]
[EventType "team"]
[EventRounds "11"]
[EventCountry "CZE"]
[SourceTitle "EXT 2008"]
[Source "ChessBase"]
[SourceDate "2007.11.25"]
[SourceVersion "1"]
[SourceVersionDate "2007.11.25"]
[SourceQuality "1"]
[WhiteTeam "Bakov nad Jizerou"]
[BlackTeam "Zebrak"]
[WhiteTeamCountry "CZE"]
[BlackTeamCountry "CZE"]

1. e4 e5 2. f4 exf4 3. Nf3 d5 4. exd5 Nf6 5. Bb5+ c6 6. Qe2+ Qe7 7. Qxe7+ Bxe7 8. dxc6 bxc6 9. Bc4 0-0 10. 0-0 Nbd7 11. Nc3 Nb6 12. Bb3 Bd6 13. d3 Bg4 14. Ng5 Bh5 15. Bxf4 Bc5+ 16. Kh1 Bd4 17. Rae1 Rae8 18. Nge4 Nxe4 19. Nxe4 Nc8 20. c3 Bb6 21. Be3 Re7 22. Bxb6 axb6 23. Ng3 Bg6 24. Rxe7 Nxe7 25. Re1 Nc8 26. d4 Kh8 27. Kg1 f5 28. Re6 Be8 29. d5 Bd7 30. Re5 g6 31. dxc6 Bxc6 32. Bd5 Be8 33. Ne2 Bd7 34. Nd4 Re8 35. Rxe8+ Bxe8 36. Kf2 Kg7 37. Ke3 Kf6 38. c4 Ke5 39. g3 b5 40. Nf3+ Kd6 41. Kd4 bxc4 42. Bxc4 Nb6 43. Bg8 h6 44. Ne5 Nc8 45. Nf7+ Bxf7 46. Bxf7 g5 47. a4 Ne7 48. Be8 Nd5 49. a5 Nc7 50. Bf7 Na6 51. Bc4 Nb4 52. a6 Nc6+ 53. Ke3 Kc5 54. b3 Kb6 55. Bd3 Ne7 56. h4 f4+ 57. gxf4 Nd5+ 58. Ke4 Nxf4 59. hxg5 hxg5 60. Bc4 Ng6 61. Kf5 Ne7+ 62. Kxg5 Nc6 63. Kf4 Na5 64. Ke5 Nxb3 65. Bxb3 Kxa6 1/2-1/2

[Event "CZE-chT3A Middle 0506  "]
[Site "Czech Republic"]
[Date "2006.02.19"]
[Round "8.5"]
[White "Ulrich, David"]
[Black "Mares, Jiri"]
[Result "0-1"]
[WhiteElo "1772"]
[BlackElo "1860"]
[PlyCount "104"]
[EventDate "2005.10.30"]
[EventType "team"]
[EventRounds "11"]
[EventCountry "CZE"]
[SourceTitle "EXT 2009"]
[Source "ChessBase"]
[SourceDate "2008.11.26"]
[SourceVersion "1"]
[SourceVersionDate "2008.11.26"]
[SourceQuality "1"]

1. e4 e5 2. Nf3 Nc6 3. Bb5 a6 4. Ba4 b5 5. Bb3 d6 6. h3 Na5 7. c3 Nxb3 8. Qxb3 Nf6 9. d3 Be7 10. 0-0 0-0 11. Qc2 c5 12. b3 Nh5 13. d4 exd4 14. cxd4 f5 15. Nc3 fxe4 16. Qxe4 Bf5 17. Qd5+ Kh8 18. Ne4 Bg6 19. dxc5 dxc5 20. Qe6 Re8 21. Ne5 Bf6 22. Nxg6+ hxg6 23. Qg4 Bxa1 24. Qxg6 Rxe4 25. Qxe4 Bd4 26. Qg6 Qd5 27. Bg5 Ng3 28. Re1 Rf8 29. Be3 Bxe3 30. fxe3 Ne4 31. Qg4 Qf5 32. Qh4+ Kg8 33. Kh2 Qe5+ 34. Kg1 Qg3 35. Qxe4 Qxe1+ 36. Kh2 Qd1 37. Qe6+ Kh7 38. Qe7 Rd8 39. Qh4+ Kg8 40. Qe4 Qd6+ 41. Kg1 Qg3 42. Qe6+ Kh8 43. Kf1 Rf8+ 44. Kg1 Rd8 45. Kf1 Qh2 46. Qe7 Qd6 47. Qh4+ Kg8 48. Kg1 Re8 49. Qg4 Rxe3 50. Qc8+ Qf8 51. Qc7 Re1+ 52. Kh2 Qe8 0-1